| 000 | 00910nam a2200217Ia 4500 | ||
|---|---|---|---|
| 001 | 10085 | ||
| 003 | GE_BSU | ||
| 008 | 181216s||||||||xx |||||||||||||| ||und|| | ||
| 040 | _cGE_BSU | ||
| 080 | _a821.353.1–1 | ||
| 100 | _aსაიათნოვა | ||
| 245 | _aქართული ლექსები | ||
| 245 | _cწინასიტყვ.ირ.აბაშიძე.მხატვ. ლადო გუდიაშვილი.რედ.ალ.ბარამიძე.ბოლოსიტყვ. ალ.ბარამიძე | ||
| 260 | _aთბილისი | ||
| 260 | _bლიტერატურა და ხელოვნება | ||
| 260 | _c1963 | ||
| 300 | _a111გვ.ილ.22სმ. | ||
| 520 | _aთავფურც.ქართ.სომხ. და აზერბ. ენებზე | ||
| 653 | _aქართული ლექსები | ||
| 942 | _cBK | ||
| 999 |
_c43357 _d43357 |
||